Food science and technology abstracts (FSTA) thesaurus /

Bibliographic Details
Corporate Author: International Food Information Service
Other Authors: Merryweather, Linda
Format: Book
Language:English
Published: Reading, U.K. : International Food Information Service, 1998.
Edition:1998 ed.
Subjects:

MARC

Tag First Indicator Second Indicator Subfields
LEADER 00000cam a2200000 a 4500
001 in00001402996
005 20151020053114.0
008 980424s1998 enk b 000 0 eng d
020 |a 0860141780 
035 |a (OCoLC)39010738 
035 |9 AHM7042AM 
040 |a LDL  |c LDL  |d UIU  |d TXA  |d UtOrBLW 
049 |a TXAM 
090 |a TP368.2  |b .F66 1998 
092 0 |a 025.496413  |b F739, 1998  |2 21 
245 0 0 |a Food science and technology abstracts (FSTA) thesaurus /  |c compiled by Linda Merryweather, assisted by members of the IFIS Editorial Team. 
246 1 4 |a Food science & technology abstracts (FSTA) thesaurus 
246 1 8 |a FSTA thesaurus 
246 3 |a Food science and technology abstracts thesaurus 
246 3 |a Food science & technology abstracts thesaurus 
250 |a 1998 ed. 
264 1 |a Reading, U.K. :  |b International Food Information Service,  |c 1998. 
300 |a xix, 264 pages ;  |c 30 cm. 
336 |a text  |b txt  |2 rdacontent 
337 |a unmediated  |b n  |2 rdamedia 
338 |a volume  |b nc  |2 rdacarrier 
504 |a Includes bibliographical references (pages xvi-xvii). 
650 0 |a Food industry and trade  |v Dictionaries. 
650 0 |a Food industry and trade  |x Databases. 
650 0 |a Subject headings. 
700 1 |a Merryweather, Linda. 
710 2 |a International Food Information Service. 
730 0 |a Food science and technology abstracts. 
948 |a c:blr 
999 |a MARS 
999 f f |s cfb1948c-ce77-3816-8fc6-2cf77eaa01f5  |i 226edf83-13e8-3540-98c8-de473a8e8dbe  |t 0 
952 f f |p ric  |a Texas A&M University  |b Rellis Campus  |c Joint Library Facility  |d Remote Storage  |t 0  |e TP368.2 .F66 1998  |h Library of Congress classification  |i unmediated -- volume  |m A14826103726 
998 f f |a TP368.2 .F66 1998  |t 0  |l Remote Storage